LEADER 00992nam a22002291i 4500 001 991002932319707536 005 20030818181839.0 008 030925s1926 it |||||||||||||||||ita 035 $ab12356980-39ule_inst 035 $aARCHE-040452$9ExL 040 $aBiblioteca Interfacoltà$bita$cA.t.i. Arché s.c.r.l. Pandora Sicilia s.r.l. 100 1 $aParrella, Pietro$0187272 245 10$aNuovo aggruppamento semplice e razionale dei versi e delle strofe oraziane :$bcon un appendice sui carmi di Catullo /$cPietro Parrella 250 $a2. ed. 260 $aAquila :$bVecchioni,$c1926 300 $a1 v. ;$c24 cm 907 $a.b12356980$b02-04-14$c08-10-03 912 $a991002932319707536 945 $aLE002 Busta 43/10 (Fondo Ferretti)$g1$i2002000236654$lle002$o-$pE0.00$q-$rn$so $t0$u0$v0$w0$x0$y.i12761321$z08-10-03 996 $aNuovo aggruppamento semplice e razionale dei versi e delle strofe oraziane$9158341 997 $aUNISALENTO 998 $ale002$b08-10-03$cm$da $e-$fita$git $h0$i1